Reaction kinetics for chemical engineers (Record no. 12493)

000 -LEADER
fixed length control field 00585nam a22002051 4500
001 - CONTROL NUMBER
control field 12493
003 - CONTROL NUMBER IDENTIFIER
control field BD-DhUET
008 - FIXED-LENGTH DATA ELEMENTS--GENERAL INFORMATION
fixed length control field 720413s1959 nyua b 000 0 eng
040 ## - CATALOGING SOURCE
Original cataloging agency DLC
Transcribing agency DLC
Modifying agency BD-DhUET
082 ## - DEWEY DECIMAL CLASSIFICATION NUMBER
Classification number 660.2994
Item number WAL/1959
100 1# - MAIN ENTRY--PERSONAL NAME
Personal name Walas, Stanley M.
245 10 - TITLE STATEMENT
Title Reaction kinetics for chemical engineers
250 ## - EDITION STATEMENT
Edition statement 1st ed.
260 ## - PUBLICATION, DISTRIBUTION, ETC. (IMPRINT)
Place of publication, distribution, etc. New York
Name of publisher, distributor, etc. McGraw-Hill
Date of publication, distribution, etc. 1959
300 ## - PHYSICAL DESCRIPTION
Extent 338 p.
Other physical details ill.
490 ## - SERIES STATEMENT
Series statement McGraw - Hill chemical engineering series
504 ## - BIBLIOGRAPHY, ETC. NOTE
Bibliography, etc Includes bibliographies
650 #0 - SUBJECT ADDED ENTRY--TOPICAL TERM
Topical term or geographic name as entry element Kinetics : Reactions : Chemical Engineering
942 ## - ADDED ENTRY ELEMENTS (KOHA)
Koha item type General Book
Holdings
Koha normalized classification for sorting Sublocation or collection (holding branch) Source of classification or shelving scheme Withdrawn status Koha date last seen Copy number Date acquired Koha item type Shelving location Price effective from Lost status Koha full call number Location (home branch) Not for loan Piece designation (barcode) Damaged status
660_299400000000000_WAL_1959Central Library, BUET  2015-02-2612015-02-26General BookCirculation section2015-02-26 660.2994/WAL/1959Central Library, BUET 26073 
660_299400000000000_WAL_1959Central Library, BUET  2015-03-0122015-03-01General BookCirculation section2015-03-01 660.2994/WAL/1959Central Library, BUET 29882 
660_299400000000000_WAL_1959Central Library, BUET  2015-03-3132015-03-31General BookCirculation section2015-03-31 660.2994/WAL/1959Central Library, BUET 29878 
660_299400000000000_WAL_1959Central Library, BUET  2015-03-3142015-03-31General BookCirculation section2015-03-31 660.2994/WAL/1959Central Library, BUET 29875 
660_299400000000000_WAL_1959Central Library, BUET  2015-03-3152015-03-31General BookCirculation section2015-03-31 660.2994/WAL/1959Central Library, BUET 25893 
660_299400000000000_WAL_1959Central Library, BUET  2015-04-0462015-04-04General BookCirculation section2015-04-04 660.2994/WAL/1959Central Library, BUET 2114 
660_299400000000000_WAL_1959Central Library, BUET  2015-04-0772015-04-07General BookCirculation section2015-04-07 660.2994/WAL/1959Central Library, BUET 29874 
660_299400000000000_WAL_1959Central Library, BUET  2015-06-1882015-06-18Reading ItemReading section2015-06-18 660.2994/WAL/1959Central Library, BUET 29881 
660_299400000000000_WAL_1959Central Library, BUET  2015-06-1892015-06-18Reading ItemReading section2015-06-18 660.2994/WAL/1959Central Library, BUET 29879 
660_299400000000000_WAL_1959Central Library, BUET  2015-06-18102015-06-18Reading ItemReading section2015-06-18 660.2994/WAL/1959Central Library, BUET 7899 
660_299400000000000_WAL_1959Central Library, BUET  2015-06-18112015-06-18Reading ItemReading section2015-06-18 660.2994/WAL/1959Central Library, BUET 7900 
660_299400000000000_WAL_1959Central Library, BUET  2015-06-28122015-06-28Reading ItemReading section2015-06-28 660.2994/WAL/1959Central Library, BUET 29880 
660_299400000000000_WAL_1959Central Library, BUET  2015-06-28132015-06-28Reading ItemReading section2015-06-28 660.2994/WAL/1959Central Library, BUET 29876